|
|
|
|
| LEADER |
01535nam a2200385Ia 4500 |
| 001 |
EBC169825 |
| 003 |
MiAaPQ |
| 005 |
20200520144314.0 |
| 006 |
m o d | |
| 007 |
cr cn||||||||| |
| 008 |
990205s1999 enka sb 001 0 eng d |
| 010 |
|
|
|z 99193810
|
| 020 |
|
|
|z 0203021967
|
| 020 |
|
|
|z 0415178509
|
| 035 |
|
|
|a (MiAaPQ)EBC169825
|
| 035 |
|
|
|a (Au-PeEL)EBL169825
|
| 035 |
|
|
|a (CaPaEBR)ebr10054879
|
| 035 |
|
|
|a (CaONFJC)MIL33339
|
| 035 |
|
|
|a (OCoLC)437078549
|
| 040 |
|
|
|a MiAaPQ
|c MiAaPQ
|d MiAaPQ
|
| 050 |
|
4 |
|a HD2872
|b .M85 1999
|
| 245 |
0 |
0 |
|a Multinational enterprises from the Netherlands
|h [electronic resource] /
|c edited by Roger van Hoesel and Rajneesh Narula.
|
| 260 |
|
|
|a London :
|a New York :
|b Routledge,
|c 1999.
|
| 300 |
|
|
|a xviii, 307 p. :
|b ill.
|
| 490 |
1 |
|
|a Routledge studies in international business and the world economy ;
|v 8
|
| 504 |
|
|
|a Includes bibliographical references and index.
|
| 533 |
|
|
|a Electronic reproduction. Ann Arbor, MI : ProQuest, 2015. Available via World Wide Web. Access may be limited to ProQuest affiliated libraries.
|
| 650 |
|
0 |
|a International business enterprises
|z Netherlands.
|
| 650 |
|
0 |
|a Investments, Foreign
|z Netherlands.
|
| 655 |
|
4 |
|a Electronic books.
|
| 700 |
1 |
|
|a Hoesel, Roger van,
|d 1965-
|
| 700 |
1 |
|
|a Narula, Rajneesh,
|d 1963-
|
| 710 |
2 |
|
|a ProQuest (Firm)
|
| 830 |
|
0 |
|a Routledge studies in international business and the world economy ;
|v 8.
|
| 856 |
4 |
0 |
|u https://ebookcentral.proquest.com/lib/matrademy/detail.action?docID=169825
|z Click to View
|